| 000 | 00731nam a2200217 a 4500 | ||
|---|---|---|---|
| 001 | 000025005 | ||
| 005 | 20200930023514.0 | ||
| 008 | 110201s1976 ag r 000 0 spa d | ||
| 020 | _a031113823 | ||
| 040 |
_aDO-SdBNP _bspa _cBNPHU |
||
| 041 | 1 | 7 |
_aspa _heng _2Código de idiomas MARC |
| 082 |
_ann* _bnn* |
||
| 100 | 1 |
_aLindsey, Hal. _947883 |
|
| 240 | 1 | 4 |
_aThe liberation of planet Earth. _lEspañol |
| 245 | 1 | 3 |
_aLa liberación del planeta Tierra / _cHal Lindsey ; traducción de M. Francisco Liévano R. |
| 260 |
_a[Buenos Aires] : _bMundo Hispano, _c1976. |
||
| 300 |
_a272 p. ; _c21 cm. |
||
| 534 |
_aTítulo original : _tThe liberation of planet Earth |
||
| 700 | 1 |
_aLiévano R., M. Francisco, _etr. _941134 |
|
| 049 | _aBNGR | ||
| 999 |
_c24498 _d24498 |
||